000 00427nam a2200157Ia 4500
008 230711s9999||||xx |||||||||||||| ||und||
041 _aENG
082 _a20
_bNU-T
100 _aNunnally, S. W
245 0 _aResidential and Light Building Construction
250 _a1st . . Ed.
260 _c1990
_aNew York
_bPrentice-Hall of India Private Limited
650 _aGENERAL ENGINEERING
700 _aNunnally,Joan A.
942 _cBK
999 _c588
_d588